000 01537nam a2200265 a 4500
008 120416s1985 ||||||||||||||||| || u
020 _a0442306415
050 _aHF 5635 Emm
100 _aEmmanuel, Clive R
245 1 0 _aAccounting for management control
260 _aWokingham, Berkshire, England :
_bVan Nostrand Reinhold (UK)
_c1985
300 _axii, 289 p.
350 _a0.00
490 _aThe VNR series in accounting and finance
500 _aBibliography
650 0 _aACCOUNTING--HANDBOOKS, MANUALS, ETC
650 0 _aMANAGERIAL ACCOUNTING
700 _aOtley, David T
995 _aTEXTBOOKS (SB)
_D0.00
_e01446
_FCBU-SCHOOL TEXTBOOK COLLECTIONS
_H1
_I0.00
_jSCHOOL TEXTBOOK
_M5
_UAVAILABLE
_WSep 22, 2009
_y01446
_ZSchool Collections
995 _aANNEX COLLECTION (Main Library)
_D0.00
_e005485
_FCBU-MAIN LIBRARY (Kitwe)
_H1
_I10.95
_jHF 5635 Emm
_UAVAILABLE
_y005485
_ZAnnex Low-Usage Collection
995 _aMAIN LIBRARY OPEN ACCESS
_D0.00
_e005487
_FCBU-MAIN LIBRARY (Kitwe)
_H3
_I10.95
_jHF 5635 Emm
_UAVAILABLE
_y005487
_ZMain Library Open Access Collection
995 _aTEXTBOOKS (SB)
_D0.00
_e01447
_FCBU-SCHOOL TEXTBOOK COLLECTIONS
_H1
_I0.00
_jSCHOOL TEXTBOOK
_M6
_UAVAILABLE
_WSep 22, 2009
_y01447
_ZSchool Collections
995 _aANNEX COLLECTION (Main Library)
_D0.00
_e712146
_FCBU-MAIN LIBRARY (Kitwe)
_H2
_I10.95
_jHF 5635 Emm
_UAVAILABLE
_y005486
_ZAnnex Low-Usage Collection
995 _aTEXTBOOKS (SB)
_D0.00
_e01445
_FCBU-SCHOOL TEXTBOOK COLLECTIONS
_H1
_I0.00
_jSCHOOL TEXTBOOK
_M4
_UAVAILABLE
_WSep 22, 2009
_y01445
_ZSchool Collections
999 _c75596
_d75596